[Event "British Chess Championships 2023: "]
[Site "The Venue, De Montfort University, 20 Western Boulevard, Leicester, LE2 7BU"]
[Date "2023.07.22"]
[Round "2"]
[Board "12"]
[White "Kilmartin, David"]
[Black "Bradley, Eric"]
[Result "1/2-1/2"]
[WhiteElo "1451"]
[BlackElo "1289"]
[PlyCount "36"]
[EventDate "2023.07.21"]
[EventRounds "5"]
[EventCountry "ENG"]

1. e4 d6 2. Nc3 Nf6 3. Bc4 Nbd7 4. d3 h6 5. f4 e5 6. Nf3 Be7 7. O-O c6 8. a3 Qc7
9. Qe1 Nf8 10. fxe5 dxe5 11. Qg3 g5 12. Qxe5 Qxe5 13. Nxe5 Be6 14. Bxe6 Nxe6 15.
Be3 O-O 16. Kh1 Kg7 17. Ne2 Bd6 18. Rf5 Bxe5  1/2-1/2

[Event "British Chess Championships 2023: "]
[Site "The Venue, De Montfort University, 20 Western Boulevard, Leicester, LE2 7BU"]
[Date "2023.07.22"]
[Round "2"]
[Board "13"]
[White "Fraser, Roland"]
[Black "Dairi, Mahmoud"]
[Result "1-0"]
[WhiteElo "1437"]
[BlackElo "1289"]
[PlyCount "91"]
[EventDate "2023.07.21"]
[EventRounds "5"]
[EventCountry "ENG"]

1. e4 c5 2. Nc3 g6 3. f4 Bg7 4. Nf3 Nc6 5. Bb5 a6 6. Bxc6 bxc6 7. d3 d6 8. O-O h6
9. Qe1 Nf6 10. e5 Nd5 11. Bd2 O-O 12. Kh1 Rb8 13. b3 Nb4 14. Qc1 Qc7 15. a3 Nd5 16.
Qe1 Bg4 17. exd6 exd6 18. Nxd5 cxd5 19. Bc3 Rfe8 20. Qd2 Bxf3 21. Rxf3 Bxc3 22. Qxc3
d4 23. Qd2 h5 24. Rff1 Re7 25. Rae1 Rbe8 26. g3 Qc6+ 27. Kg1 d5 28. Rxe7 Rxe7 29.
Re1 Qd6 30. Kf2 c4 31. Rxe7 Qxe7 32. a4 cxb3 33. cxb3 Kg7 34. Qe2 Kf6 35. Qxe7+ Kxe7
36. b4 Kd7 37. h3 Kc6 38. Kf3 Kd6 39. g4 hxg4+ 40. Kxg4 Ke6 41. Kg5 Ke7 42. f5 Kd6
43. fxg6 fxg6 44. Kxg6 Ke5 45. Kg5 Ke6 46. h4  1-0

[Event "British Chess Championships 2023: "]
[Site "The Venue, De Montfort University, 20 Western Boulevard, Leicester, LE2 7BU"]
[Date "2023.07.22"]
[Round "2"]
[Board "14"]
[White "Miles, Barry S"]
[Black "Gillibrand, David"]
[Result "1-0"]
[WhiteElo "1407"]
[BlackElo "1227"]
[PlyCount "45"]
[EventDate "2023.07.21"]
[EventRounds "5"]
[EventCountry "ENG"]

1. d4 d5 2. c4 e6 3. Nc3 c5 4. dxc5 Bxc5 5. cxd5 exd5 6. Qxd5 Qxd5 7. Nxd5 Bd6 8.
b3 Be6 9. e4 Bxd5 10. exd5 Be5 11. Rb1 Nf6 12. Bc4 O-O 13. Ne2 h6 14. O-O Re8 15.
Bb2 Bxh2+ 16. Kxh2 Rxe2 17. Bxe2 Nbd7 18. Bxf6 Nxf6 19. Bf3 Rd8 20. Rbc1 b6 21. Rfd1
g5 22. d6 g4 23. Bc6  1-0

[Event "British Chess Championships 2023: "]
[Site "The Venue, De Montfort University, 20 Western Boulevard, Leicester, LE2 7BU"]
[Date "2023.07.22"]
[Round "2"]
[Board "16"]
[White "Dairi, Daniella"]
[Black "Osborne, Keith C"]
[Result "0-1"]
[WhiteElo "964"]
[BlackElo "1386"]
[PlyCount "36"]
[EventDate "2023.07.21"]
[EventRounds "5"]
[EventCountry "ENG"]

1. e4 c5 2. d3 Nc6 3. Be3 e5 4. Nc3 Nf6 5. Nf3 Be7 6. Ng5 h6 7. Nh3 d6 8. Nb5 Qa5+
9. Nc3 Bxh3 10. gxh3 O-O-O 11. Qe2 Nd4 12. Bxd4 cxd4 13. Qd2 dxc3 14. bxc3 d5 15.
Qc1 Qxc3+ 16. Kd1 dxe4 17. Rg1 Bb4 18. d4 Qe1#  0-1

[Event "British Chess Championships 2023: "]
[Site "The Venue, De Montfort University, 20 Western Boulevard, Leicester, LE2 7BU"]
[Date "2023.07.22"]
[Round "2"]
[Board "17"]
[White "Savage, Simon"]
[Black "Ewart, Samuel"]
[Result "1-0"]
[WhiteElo "1357"]
[BlackElo "1086"]
[PlyCount "90"]
[EventDate "2023.07.21"]
[EventRounds "5"]
[EventCountry "ENG"]

1. e4 e5 2. Nf3 Nc6 3. Nc3 Nf6 4. Be2 Bc5 5. O-O d6 6. d3 Bd7 7. a3 a5 8. Bg5 h6
9. Bxf6 Qxf6 10. Nd5 Qd8 11. c3 Bg4 12. h3 Bxf3 13. Bxf3 O-O 14. Qd2 Rc8 15. b4 axb4
16. axb4 Bb6 17. b5 Ne7 18. Nxb6 cxb6 19. c4 Rb8 20. Bh5 f5 21. exf5 Nxf5 22. Bg4
Qh4 23. g3 Nxg3 24. fxg3 Qxg3+ 25. Qg2 Qxd3 26. Rxf8+ Rxf8 27. Qd5+ Qxd5 28. cxd5
Rf4 29. Ra8+ Rf8 30. Be6+ Kh7 31. Rxf8 g5 32. Rf7+ Kg6 33. Rxb7 e4 34. Rxb6 Kf6 35.
Rxd6 Ke5 36. Rc6 Kd4 37. b6 e3 38. Bg4 Kxd5 39. Rc8 e2 40. Bxe2 g4 41. b7 gxh3 42.
b8=Q h2+ 43. Kxh2 h5 44. Qb4 h4 45. Rc5+ Ke6  1-0

[Event "British Chess Championships 2023: "]
[Site "The Venue, De Montfort University, 20 Western Boulevard, Leicester, LE2 7BU"]
[Date "2023.07.22"]
[Round "2"]
[Board "18"]
[White "Ewart, Thomas"]
[Black "Kelly, Martin"]
[Result "1/2-1/2"]
[WhiteElo "1002"]
[BlackElo "1429"]
[PlyCount "71"]
[EventDate "2023.07.21"]
[EventRounds "5"]
[EventCountry "ENG"]

1. d4 Nf6 2. c4 g6 3. Nf3 d5 4. g3 Bg7 5. Bg2 O-O 6. Nc3 c6 7. cxd5 Nxd5 8. Nxd5
Qxd5 9. O-O Qd8 10. Bg5 Nd7 11. Qd2 Nf6 12. Bh6 Ng4 13. Bxg7 Kxg7 14. h3 Nf6 15.
h4 Bg4 16. Ne5 Bf5 17. f3 Be6 18. e4 Nd7 19. Nxd7 Qxd7 20. h5 Bh3 21. Bxh3 Qxh3 22.
g4 Qg3+ 23. Kh1 Qh4+ 24. Qh2 Qxh2+ 25. Kxh2 Rad8 26. hxg6 Rxd4 27. gxh7 Rd2+ 28.
Kg3 Rxb2 29. Rfb1 Rxb1 30. Rxb1 b6 31. Rd1 e6 32. Rd7 a6 33. Ra7 a5 34. Rb7 b5 35.
Rc7 Kxh7 36. Rxc6  1/2-1/2

[Event "British Chess Championships 2023: "]
[Site "The Venue, De Montfort University, 20 Western Boulevard, Leicester, LE2 7BU"]
[Date "2023.07.22"]
[Round "2"]
[Board "19"]
[White "Braithwaite, Paul"]
[Black "Ashworth, Jaime"]
[Result "0-1"]
[WhiteElo "1221"]
[BlackElo "1418"]
[PlyCount "94"]
[EventDate "2023.07.21"]
[EventRounds "5"]
[EventCountry "ENG"]

1. e4 e6 2. Nf3 d5 3. exd5 exd5 4. d4 c6 5. Be2 Be7 6. Nc3 Nf6 7. O-O O-O 8. Bd2
Bf5 9. Nh4 Be6 10. Nf3 Nbd7 11. Ne5 Qb6 12. Na4 Qxd4 13. Nxd7 Nxd7 14. Nc3 Qf6 15.
Bg4 Ne5 16. Bxe6 fxe6 17. Ne2 Ng4 18. f3 Bc5+ 19. Kh1 Nf2+ 20. Rxf2 Bxf2 21. Bc3
Qh6 22. Bd4 Bxd4 23. Nxd4 e5 24. Nb3 Qe3 25. Qf1 e4 26. Re1 Qf4 27. Qe2 exf3 28.
gxf3 Qxf3+ 29. Qxf3 Rxf3 30. Re7 Rf7 31. Re3 Kf8 32. Rh3 h6 33. Rd3 Re8 34. Rd1 Re2
35. Nd4 Ref2 36. Kg1 R2f6 37. Re1 Re7 38. Rd1 Re4 39. Kh1 Rff4 40. c3 Rf2 41. Rb1
c5 42. Nb5 Ree2 43. Rd1 Rxb2 44. Nc7 Rxa2 45. Nxd5 Rxh2+ 46. Kg1 Rag2+ 47. Kf1 Rh1+
 0-1

[Event "British Chess Championships 2023: "]
[Site "The Venue, De Montfort University, 20 Western Boulevard, Leicester, LE2 7BU"]
[Date "2023.07.22"]
[Round "2"]
[Board "21"]
[White "Wimble, Garry"]
[Black "Clare, Philip"]
[Result "0-1"]
[WhiteElo "1077"]
[BlackElo "1355"]
[PlyCount "86"]
[EventDate "2023.07.21"]
[EventRounds "5"]
[EventCountry "ENG"]

1. e4 c5 2. Nf3 Nc6 3. a3 g6 4. h3 Bg7 5. c3 e5 6. Be2 Nge7 7. Qc2 O-O 8. d3 d5 9.
Nbd2 Be6 10. b4 b6 11. Ng5 d4 12. c4 cxb4 13. Nb3 a5 14. a4 Bd7 15. Bg4 f5 16. Bf3
f4 17. h4 Qe8 18. Qe2 Na7 19. h5 Bxa4 20. Qa2 Bd7 21. Bd2 Nac6 22. h6 Bf6 23. Nh3
g5 24. Ng1 Ng6 25. g3 Nd8 26. Ke2 Nb7 27. Qb1 Nc5 28. Nxc5 bxc5 29. Kf1 Qe7 30. Ne2
g4 31. Kg2 gxf3+ 32. Kxf3 Bg5 33. Qg1 fxg3+ 34. Kxg3 Bxd2 35. Kg2 Qg5+ 36. Kf1 Qxg1+
37. Kxg1 Nf4 38. Nxf4 Rxf4 39. Rh2 a4 40. Rd1 Bc3 41. Rg2+ Rg4 42. f3 Rxg2+ 43. Kxg2
a3  0-1

[Event "British Chess Championships 2023: "]
[Site "The Venue, De Montfort University, 20 Western Boulevard, Leicester, LE2 7BU"]
[Date "2023.07.22"]
[Round "2"]
[Board "22"]
[White "Walsh, Shaun"]
[Black "Glasbey, Billy"]
[Result "0-1"]
[WhiteElo "1323"]
[BlackElo "1137"]
[PlyCount "82"]
[EventDate "2023.07.21"]
[EventRounds "5"]
[EventCountry "ENG"]

1. e4 c5 2. Nf3 Nc6 3. d4 d6 4. Bb5 Bd7 5. Nc3 b6 6. Bg5 h6 7. Bh4 g5 8. Bg3 Bg7
9. Ne2 g4 10. Nd2 Nxd4 11. Nxd4 Bxd4 12. Bxd7+ Qxd7 13. c3 Bg7 14. O-O Nf6 15. Re1
Nh5 16. e5 Nxg3 17. fxg3 Bxe5 18. Nc4 f6 19. Nxe5 fxe5 20. Qd5 Rc8 21. Rf1 Rf8 22.
Rxf8+ Kxf8 23. Rf1+ Ke8 24. Qf7+ Kd8 25. Qg6 Qe8 26. Qxh6 Kc7 27. Qg7 a5 28. Qxg4
Qd7 29. Qg7 b5 30. Rf7 Re8 31. h4 d5 32. Qxe5+ Qd6 33. Qg7 d4 34. cxd4 Qxd4+ 35.
Qxd4 cxd4 36. Kf2 Kc6 37. Ke2 e5 38. Kd3 Rg8 39. Rf3 Kd5 40. Rf1 Rxg3+ 41. Ke2 Rxg2+
 0-1

[Event "British Chess Championships 2023: "]
[Site "The Venue, De Montfort University, 20 Western Boulevard, Leicester, LE2 7BU"]
[Date "2023.07.22"]
[Round "2"]
[Board "23"]
[White "Vijayanand, Sanjai Rathinam"]
[Black "Szwajkun, Steve"]
[Result "0-1"]
[WhiteElo "844"]
[BlackElo "1321"]
[PlyCount "90"]
[EventDate "2023.07.21"]
[EventRounds "5"]
[EventCountry "ENG"]

1. e4 e6 2. e5 d5 3. d4 Ne7 4. f4 g6 5. Nf3 h6 6. c4 b6 7. Be3 Nf5 8. Qd2 a5 9. Nc3
Nd7 10. Bd3 Nxe3 11. Qxe3 Bb7 12. O-O c5 13. Kh1 cxd4 14. Nxd4 Bc5 15. Nce2 Qe7 16.
Qd2 dxc4 17. Bxc4 O-O-O 18. Qd3 Nb8 19. Qc3 Be4 20. a3 Qb7 21. Nf3 Nc6 22. Qc1 g5
23. b4 Be7 24. Bb5 g4 25. Nfg1 Kb8 26. Qc4 Nd4 27. Rf2 Nxb5 28. Qxb5 Rd5 29. Qc4
Rd2 30. Raf1 Bh4 31. Ng3 Rxf2 32. Rxf2 Bd5 33. Qd4 Rd8 34. Qc3 Rc8 35. Qd4 Rc1 36.
bxa5 Bd8 37. h3 gxh3 38. Kh2 Ka8 39. axb6 Bxb6 40. Qa4+ Kb8 41. Qe8+ Rc8 42. Qb5
Bxf2 43. Qxb7+ Kxb7 44. Nxh3 Rc2 45. Nxf2 Rxf2  0-1

[Event "British Chess Championships 2023: "]
[Site "The Venue, De Montfort University, 20 Western Boulevard, Leicester, LE2 7BU"]
[Date "2023.07.22"]
[Round "2"]
[Board "24"]
[White "Jennis, Alistair"]
[Black "Shoulders, Andrew M"]
[Result "1-0"]
[WhiteElo "1286"]
[BlackElo "1043"]
[PlyCount "83"]
[EventDate "2023.07.21"]
[EventRounds "5"]
[EventCountry "ENG"]

1. c4 c5 2. Nc3 Nf6 3. g3 e5 4. Bg2 Bd6 5. e3 O-O 6. b3 a6 7. Bb2 Nc6 8. Nge2 Nb4
9. d4 cxd4 10. exd4 exd4 11. Nxd4 Re8+ 12. Nce2 Bc5 13. O-O d6 14. Nf4 Bg4 15. Qd2
Nc6 16. Rfe1 Bxd4 17. Rxe8+ Nxe8 18. Nd5 Bxb2 19. Qxb2 Ne5 20. Qc3 a5 21. h3 Bf5
22. Ne3 Qf6 23. Nxf5 Nf3+ 24. Qxf3 Qxa1+ 25. Kh2 Qf6 26. Qxb7 Rd8 27. Qe7 Qxe7 28.
Nxe7+ Kf8 29. Nc6 Ra8 30. Nd4 a4 31. Bxa8 axb3 32. axb3 Nc7 33. Be4 g6 34. Nb5 Ne8
35. Nc3 Nc7 36. Nd5 Ne8 37. b4 f5 38. Bg2 Kf7 39. b5 g5 40. b6 f4 41. gxf4 gxf4 42.
b7  1-0

[Event "British Chess Championships 2023: "]
[Site "The Venue, De Montfort University, 20 Western Boulevard, Leicester, LE2 7BU"]
[Date "2023.07.22"]
[Round "2"]
[Board "25"]
[White "Sharma, Lalit Vidyadhar Nandyala"]
[Black "Belur, Ashwin"]
[Result "1-0"]
[WhiteElo "1259"]
[BlackElo "992"]
[PlyCount "69"]
[EventDate "2023.07.21"]
[EventRounds "5"]
[EventCountry "ENG"]

1. e4 e5 2. Nf3 d6 3. Bc4 Be7 4. d3 Nd7 5. Nc3 c6 6. Be3 b5 7. Bb3 Nc5 8. h3 Nxb3
9. axb3 b4 10. Ne2 c5 11. c3 a5 12. cxb4 cxb4 13. d4 Bb7 14. Ng3 g6 15. dxe5 dxe5
16. Qxd8+ Bxd8 17. Nxe5 Bh4 18. Bd4 Ne7 19. Nxf7 Kxf7 20. Bxh8 Rxh8 21. Rxa5 Bxg3
22. fxg3 Bxe4 23. O-O+ Kg7 24. Ra7 Bxg2 25. Rxe7+ Kh6 26. Kxg2 Rd8 27. Re3 Rd2+ 28.
Rf2 Rd7 29. Re4 Rb7 30. Rff4 g5 31. Rg4 Rc7 32. Re6+ Kh5 33. Rxb4 h6 34. g4+ Kh4
35. Rxh6#  1-0

[Event "British Chess Championships 2023: "]
[Site "The Venue, De Montfort University, 20 Western Boulevard, Leicester, LE2 7BU"]
[Date "2023.07.22"]
[Round "3"]
[Board "1"]
[White "Jardine, Kenneth"]
[Black "Walke, Kedar"]
[Result "1/2-1/2"]
[WhiteElo "1537"]
[BlackElo "1178"]
[PlyCount "83"]
[EventDate "2023.07.21"]
[EventRounds "5"]
[EventCountry "ENG"]

1. e4 e5 2. Nf3 Nc6 3. d4 exd4 4. Nxd4 Nf6 5. Nc3 Bb4 6. Nxc6 bxc6 7. Bd3 h6 8. Bd2
O-O 9. O-O d5 10. Re1 d4 11. Ne2 Bxd2 12. Qxd2 c5 13. Ng3 Re8 14. e5 Ng4 15. Qf4
Rb8 16. h3 g5 17. Qe4 Nf6 18. Qc6 Rb6 19. Qxc5 Nh7 20. Nf5 Bxf5 21. Bxf5 Rxb2 22.
Qxa7 Rb6 23. Qa4 Re7 24. Rad1 c5 25. c3 Qc7 26. cxd4 cxd4 27. Qxd4 Nf8 28. Qd8 Qxd8
29. Rxd8 Kg7 30. a4 Ne6 31. Rd6 Rb4 32. a5 Ra4 33. a6 Nc5 34. Bc8 Ra7 35. e6 fxe6
36. Bxe6 R4xa6 37. Rxa6 Rxa6 38. Bc4 Rd6 39. Re7+ Kf6 40. Rf7+ Ke5 41. Re7+ Kd4 42.
Ba2  1/2-1/2

[Event "British Chess Championships 2023: "]
[Site "The Venue, De Montfort University, 20 Western Boulevard, Leicester, LE2 7BU"]
[Date "2023.07.22"]
[Round "3"]
[Board "2"]
[White "Tunnacliffe, Alan"]
[Black "West, Nic"]
[Result "1-0"]
[WhiteElo "1495"]
[BlackElo "1100"]
[PlyCount "69"]
[EventDate "2023.07.21"]
[EventRounds "5"]
[EventCountry "ENG"]

1. e4 d6 2. d4 Nf6 3. Nc3 e5 4. dxe5 dxe5 5. Qxd8+ Kxd8 6. Bg5 Be6 7. O-O-O+ Bd6
8. Nf3 Nbd7 9. Kb1 a6 10. Nd2 h6 11. Bh4 g5 12. Bg3 Ke7 13. a3 b5 14. Nb3 b4 15.
axb4 Bxb4 16. Nd5+ Nxd5 17. exd5 Bf5 18. Bd3 Bxd3 19. Rxd3 Kd6 20. c3 Bc5 21. Nxc5
Nxc5 22. Re3 f6 23. Rd1 a5 24. f3 a4 25. c4 Rhb8 26. Ra3 Rb3 27. Rxb3 Nxb3 28. Bf2
Ra5 29. Be1 Rc5 30. Bb4 Na5 31. Rc1 Nb3 32. Rc3 Nd2+ 33. Kc2 Nxc4 34. Rxc4 Kxd5 35.
Rxc5+  1-0

[Event "British Chess Championships 2023: "]
[Site "The Venue, De Montfort University, 20 Western Boulevard, Leicester, LE2 7BU"]
[Date "2023.07.22"]
[Round "3"]
[Board "3"]
[White "Boshoff, Nathan"]
[Black "Roychowdhury, Aashita"]
[Result "0-1"]
[WhiteElo "1378"]
[BlackElo "1464"]
[PlyCount "68"]
[EventDate "2023.07.21"]
[EventRounds "5"]
[EventCountry "ENG"]

1. e4 c6 2. Nf3 d5 3. exd5 cxd5 4. d4 Bf5 5. Nc3 Nf6 6. Bd3 Bxd3 7. Qxd3 Nc6 8. O-O
e6 9. Bg5 Be7 10. Rfe1 O-O 11. Bxf6 Bxf6 12. a3 Qb6 13. Na4 Qc7 14. Rac1 Rad8 15.
c3 e5 16. dxe5 Bxe5 17. Ng5 g6 18. Qh3 h5 19. Nf3 Qd6 20. b4 Qf6 21. Re3 Bf4 22.
Nc5 Bxe3 23. fxe3 Qg7 24. Ng5 Qh6 25. Nge6 fxe6 26. Nxe6 a6 27. Nxd8 Rxd8 28. Qe6+
Kh7 29. Rf1 Rg8 30. Qxd5 Qxe3+ 31. Kh1 Qxc3 32. Rf7+ Rg7 33. Rxg7+ Kxg7 34. Qd7+
Kh6  0-1

[Event "British Chess Championships 2023: "]
[Site "The Venue, De Montfort University, 20 Western Boulevard, Leicester, LE2 7BU"]
[Date "2023.07.22"]
[Round "3"]
[Board "4"]
[White "Gunarathne, Miheli"]
[Black "Jelfs, Tim"]
[Result "0-1"]
[WhiteElo "982"]
[BlackElo "1423"]
[PlyCount "86"]
[EventDate "2023.07.21"]
[EventRounds "5"]
[EventCountry "ENG"]

1. e4 c6 2. d4 d5 3. exd5 cxd5 4. Nc3 Nc6 5. Nf3 Bg4 6. Be2 e6 7. O-O Nf6 8. Ne5
Bxe2 9. Nxe2 Bd6 10. f4 Ne7 11. Ng3 O-O 12. f5 Nc6 13. Bg5 Be7 14. Nh5 Nxe5 15. dxe5
Nxh5 16. Bxe7 Qxe7 17. Qxh5 f6 18. exf6 Qxf6 19. fxe6 Qxe6 20. Rae1 Rxf1+ 21. Rxf1
Rd8 22. Qg5 Re8 23. Kh1 d4 24. h3 Qxa2 25. Qf4 Qd5 26. Qc7 h6 27. Rf3 Re1+ 28. Kh2
Qe5+ 29. Qxe5 Rxe5 30. Ra3 a6 31. Rd3 Re2 32. Rxd4 Rxc2 33. Rb4 b5 34. b3 Kf7 35.
Kg3 Rc5 36. Kf3 a5 37. Rd4 Rc3+ 38. Ke4 Rxb3 39. Rd7+ Kg6 40. h4 Rb4+ 41. Kd3 Rxh4
42. Kc3 Rg4 43. Rd6+ Kh5  0-1

[Event "British Chess Championships 2023: "]
[Site "The Venue, De Montfort University, 20 Western Boulevard, Leicester, LE2 7BU"]
[Date "2023.07.22"]
[Round "3"]
[Board "6"]
[White "Morris, Samuel"]
[Black "Boztas, Lana"]
[Result "1-0"]
[WhiteElo "1300"]
[BlackElo "1481"]
[PlyCount "63"]
[EventDate "2023.07.21"]
[EventRounds "5"]
[EventCountry "ENG"]

1. d4 g6 2. Bf4 Bg7 3. Nc3 Nf6 4. Qd2 O-O 5. e4 d6 6. O-O-O c6 7. Nf3 Qa5 8. Kb1
b5 9. Bd3 b4 10. Ne2 Be6 11. Nc1 c5 12. d5 Bg4 13. h4 Bxf3 14. gxf3 Nh5 15. Bg3 Nd7
16. f4 Rfc8 17. Nb3 Qb6 18. Bc4 a5 19. f5 a4 20. Nc1 Qb7 21. fxg6 hxg6 22. f4 Nxg3
23. Rhe1 Nb6 24. Be2 Nxe2 25. Qxe2 c4 26. f5 Nd7 27. fxg6 fxg6 28. Rg1 Ne5 29. h5
Kf7 30. hxg6+ Nxg6 31. Qh5 Bf6 32. Qxg6+  1-0

[Event "British Chess Championships 2023: "]
[Site "The Venue, De Montfort University, 20 Western Boulevard, Leicester, LE2 7BU"]
[Date "2023.07.22"]
[Round "3"]
[Board "7"]
[White "Walton, Alison"]
[Black "Fraser, Roland"]
[Result "0-1"]
[WhiteElo "1191"]
[BlackElo "1437"]
[PlyCount "48"]
[EventDate "2023.07.21"]
[EventRounds "5"]
[EventCountry "ENG"]

1. e4 g6 2. d4 Bg7 3. Nf3 c5 4. Bc4 cxd4 5. Nxd4 Nc6 6. Be3 d6 7. Qf3 Ne5 8. Qe2
Nxc4 9. Qxc4 Bd7 10. Nc3 Nf6 11. O-O-O O-O 12. f4 Rc8 13. Qd3 a6 14. e5 Ng4 15. exd6
exd6 16. Ne4 Nxe3 17. Qxe3 Re8 18. Qf3 Bc6 19. Nxc6 Rxc6 20. Rhe1 Qc8 21. c3 d5 22.
Rxd5 f5 23. Nf6+ Bxf6 24. Red1 Bxc3  0-1

[Event "British Chess Championships 2023: "]
[Site "The Venue, De Montfort University, 20 Western Boulevard, Leicester, LE2 7BU"]
[Date "2023.07.22"]
[Round "3"]
[Board "8"]
[White "Miraghaie, John"]
[Black "Savage, Simon"]
[Result "1/2-1/2"]
[WhiteElo "1375"]
[BlackElo "1357"]
[PlyCount "40"]
[EventDate "2023.07.21"]
[EventRounds "5"]
[EventCountry "ENG"]

1. d4 d5 2. c4 e6 3. Nc3 Bb4 4. a3 Bxc3+ 5. bxc3 Nf6 6. Bg5 Bd7 7. Nf3 O-O 8. e3
h6 9. Bh4 g5 10. Bg3 Ne4 11. Qb3 Bc6 12. Bd3 Nxg3 13. hxg3 Kg7 14. Ne5 Qe8 15. cxd5
exd5 16. Kd2 Nd7 17. Nxd7 Qxd7 18. Qd1 Rh8 19. g4 Qd6 20. Qf3 Qf6  1/2-1/2

[Event "British Chess Championships 2023: "]
[Site "The Venue, De Montfort University, 20 Western Boulevard, Leicester, LE2 7BU"]
[Date "2023.07.22"]
[Round "3"]
[Board "9"]
[White "Lennon, Dominic"]
[Black "Miles, Barry S"]
[Result "1-0"]
[WhiteElo "1457"]
[BlackElo "1407"]
[PlyCount "61"]
[EventDate "2023.07.21"]
[EventRounds "5"]
[EventCountry "ENG"]

1. e4 c5 2. Nf3 e6 3. c3 Nc6 4. d4 cxd4 5. cxd4 Nge7 6. Nc3 d5 7. e5 Nf5 8. Bd3 Bb4
9. Bb5 O-O 10. O-O Qa5 11. Ba4 Bxc3 12. bxc3 Qc7 13. Bc2 Nd8 14. Qd3 Bd7 15. g4 a6
16. a4 Qc4 17. gxf5 Qxd3 18. Bxd3 exf5 19. Kh1 Kh8 20. Rg1 f6 21. Rg3 fxe5 22. Nxe5
Be6 23. Bf4 Nf7 24. Rag1 Rg8 25. Nxf7+ Bxf7 26. Be5 Bg6 27. Rh3 Bf7 28. Bxf5 Rge8
29. Rxh7+ Kg8 30. Rgxg7+ Kf8 31. Rxf7+  1-0

[Event "British Chess Championships 2023: "]
[Site "The Venue, De Montfort University, 20 Western Boulevard, Leicester, LE2 7BU"]
[Date "2023.07.22"]
[Round "3"]
[Board "10"]
[White "Bradley, Eric"]
[Black "Ashworth, Steven M"]
[Result "1/2-1/2"]
[WhiteElo "1289"]
[BlackElo "1498"]
[PlyCount "70"]
[EventDate "2023.07.21"]
[EventRounds "5"]
[EventCountry "ENG"]

1. b3 e5 2. Bb2 Nc6 3. e3 d5 4. Bb5 Bd6 5. Bxc6+ bxc6 6. d3 a5 7. f4 Qe7 8. Nf3 Bg4
9. O-O Nf6 10. h3 Bxf3 11. Qxf3 O-O 12. Nd2 Rae8 13. Rae1 e4 14. Qg3 Kh8 15. a3 Rg8
16. c4 Bxa3 17. Bxa3 Qxa3 18. Ra1 Qb2 19. Qf2 Qc3 20. d4 Ra8 21. Rfc1 Qb4 22. Ra4
Qd6 23. c5 Qe7 24. Rca1 Rgb8 25. Rxa5 Qe8 26. b4 h6 27. g4 Rxa5 28. bxa5 Qc8 29.
a6 Ra8 30. Qh4 Rxa6 31. Rxa6 Qxa6 32. g5 Ng8 33. f5 Qe2 34. Nf1 Kh7 35. Qf4 Qh5  1/2-1/2

[Event "British Chess Championships 2023: "]
[Site "The Venue, De Montfort University, 20 Western Boulevard, Leicester, LE2 7BU"]
[Date "2023.07.22"]
[Round "3"]
[Board "11"]
[White "Szwajkun, Steve"]
[Black "Kilmartin, David"]
[Result "1/2-1/2"]
[WhiteElo "1321"]
[BlackElo "1451"]
[PlyCount "61"]
[EventDate "2023.07.21"]
[EventRounds "5"]
[EventCountry "ENG"]

1. Nf3 d5 2. d3 Nf6 3. Nbd2 e6 4. g3 Be7 5. Bg2 O-O 6. O-O Nbd7 7. c3 c5 8. Qc2 Qc7
9. Re1 Rb8 10. e4 dxe4 11. Nxe4 Nxe4 12. Rxe4 b6 13. Bf4 Bd6 14. Bd2 Bb7 15. Rh4
Nf6 16. Bg5 Be7 17. d4 g6 18. Bxf6 Bxf6 19. Rh3 cxd4 20. Qd2 Bg7 21. cxd4 Bxf3 22.
Bxf3 Rfd8 23. Rc1 Qd7 24. Rc4 Rbc8 25. Rxc8 Qxc8 26. Rh4 Rd6 27. d5 Qd8 28. b3 exd5
29. Qd3 a5 30. Qd2 d4 31. Qd3  1/2-1/2

[Event "British Chess Championships 2023: "]
[Site "The Venue, De Montfort University, 20 Western Boulevard, Leicester, LE2 7BU"]
[Date "2023.07.22"]
[Round "3"]
[Board "12"]
[White "Page, Michael"]
[Black "Jennis, Alistair"]
[Result "0-1"]
[WhiteElo "1444"]
[BlackElo "1286"]
[PlyCount "54"]
[EventDate "2023.07.21"]
[EventRounds "5"]
[EventCountry "ENG"]

1. e4 e6 2. d4 d5 3. exd5 exd5 4. Nf3 Nf6 5. Bd3 Bd6 6. Qe2+ Be6 7. O-O O-O 8. Be3
Nbd7 9. c4 dxc4 10. Bxc4 Nd5 11. Nc3 N7b6 12. Nxd5 Bxd5 13. b3 c6 14. a4 a5 15. Rac1
Qc7 16. Bxd5 Nxd5 17. Qd3 h6 18. Bd2 Rfe8 19. Rfe1 Bf4 20. g3 Bxd2 21. Qxd2 Qb6 22.
Qc2 Rad8 23. Rxe8+ Rxe8 24. Ne5 Qxd4 25. Nf3 Qf6 26. Nh4 Nb4 27. Qc5 Nd3  0-1

[Event "British Chess Championships 2023: "]
[Site "The Venue, De Montfort University, 20 Western Boulevard, Leicester, LE2 7BU"]
[Date "2023.07.22"]
[Round "3"]
[Board "13"]
[White "Butler, Rene"]
[Black "White, Nigel"]
[Result "1/2-1/2"]
[WhiteElo "1269"]
[BlackElo "1434"]
[PlyCount "50"]
[EventDate "2023.07.21"]
[EventRounds "5"]
[EventCountry "ENG"]

1. d4 f5 2. Nf3 e6 3. Bg5 Be7 4. Bxe7 Qxe7 5. e3 Nf6 6. Bd3 O-O 7. O-O b6 8. c3 Bb7
9. Nbd2 d6 10. Re1 Ne4 11. Re2 Nd7 12. Nf1 Rac8 13. Ng3 Ndf6 14. Bxe4 Nxe4 15. Nxe4
fxe4 16. Nd2 d5 17. f3 Ba6 18. Rf2 Bd3 19. f4 Rf6 20. Nf1 Bxf1 21. Qxf1 Rcf8 22.
Qa6 Ra8 23. Qb7 Qd8 24. g4 Qc8 25. Qxc8+ Rxc8  1/2-1/2

[Event "British Chess Championships 2023: "]
[Site "The Venue, De Montfort University, 20 Western Boulevard, Leicester, LE2 7BU"]
[Date "2023.07.22"]
[Round "3"]
[Board "14"]
[White "Ashworth, Jaime"]
[Black "Sharma, Lalit Vidyadhar Nandyala"]
[Result "1-0"]
[WhiteElo "1418"]
[BlackElo "1259"]
[PlyCount "69"]
[EventDate "2023.07.21"]
[EventRounds "5"]
[EventCountry "ENG"]

1. e4 e5 2. Nf3 Nc6 3. Bc4 Nf6 4. Ng5 d5 5. exd5 b5 6. dxc6 bxc4 7. Qe2 Qd5 8. O-O
Bd6 9. Qf3 Qxf3 10. Nxf3 O-O 11. Re1 e4 12. Nd4 Bc5 13. Nb5 Bb6 14. b3 cxb3 15. axb3
Bf5 16. c4 Ng4 17. Re2 a6 18. N5c3 Bd4 19. Ra4 Rfe8 20. Nd5 Be5 21. h3 Nf6 22. Nbc3
Bg6 23. Bb2 Red8 24. Ra5 Nxd5 25. cxd5 Rdb8 26. Ra3 Bxc3 27. dxc3 Rb5 28. c4 Rb4
29. Bc3 Rb6 30. Rea2 Rab8 31. b4 Ra8 32. b5 Bf5 33. Rxa6 Rbxa6 34. Rxa6 Rxa6 35.
bxa6  1-0